| 000 -CABECERA |
| Longitud fija campo de control |
01172nam a22003017a 4500 |
| 003 - IDENTIFICADOR DEL NÚMERO DE CONTROL |
| Identificador del número de control |
OSt |
| 005 - FECHA Y HORA DE LA ÚLTIMA TRANSACCIÓN |
| Fecha y hora de la última transacción |
20170725160445.0 |
| 008 - CÓDIGOS DE INFORMACIÓN DE LONGITUD FIJA |
| Códigos de información de longitud fija |
170725e201703 sp g |||| 001|0dspa|d |
| 017 ## - NÚMERO DE COPYRIGHT O DE DEPÓSITO LEGAL |
| Número de copyright o de depósito legal |
DL M 7334-2017 |
| 020 ## - NÚMERO INTERNACIONAL NORMALIZADO PARA LIBROS |
| Número Internacional Normalizado para Libros (ISBN) |
9788494634369 |
| 040 ## - FUENTE DE LA CATALOGACIÓN |
| Centro catalogador de origen |
ES-BaUPF |
| Lengua de catalogación |
cat |
| Centro transcriptor |
CDMR |
| 100 1# - PUNTO DE ACCESO PRINCIPAL-NOMBRE DE PERSONA |
| Nombre de persona |
Ollivier, Jean-Paul, |
| Fechas asociadas al nombre |
1923- |
| 245 10 - MENCIÓN DE TÍTULO |
| Título |
¿Cuándo amanecerá, camarada? |
| Resto del título |
: crónica de la Revolución rusa : 1876-1917 |
| Mención de responsabilidad, etc. |
/ Jean-Paul Ollivier ; traducción de Saturnino Martín |
| 260 ## - PUBLICACIÓN, DISTRIBUCIÓN, ETC. (PIE DE IMPRENTA) |
| Lugar de publicación, distribución, etc. |
Madrid : |
| Nombre del editor, distribuidor, etc. |
Clave Intelectual, |
| Fecha de publicación, distribución, etc. |
2017 |
| 300 ## - DESCRIPCIÓN FÍSICA |
| Extensión |
463 pàgines ; |
| Dimensiones |
23 cm |
| 504 ## - NOTA DE BIBLIOGRAFÍA, ETC |
| Nota de bibliografía, etc. |
Inclou bibliografia i índex |
| 546 ## - NOTA DE LENGUA |
| Nota de lengua |
Traducció de: Quand fera-t-il jour, camarade? : histoire de la Révolution d'Octobre |
| 648 #9 - PUNTO DE ACCESO ADICIONAL DE MATERIA - TÉRMINO CRONOLÓGICO |
| Término cronológico |
1876-1917 |
| Fuente del encabezamiento o término |
thub |
| 650 #4 - PUNTO DE ACCESO ADICIONAL DE MATERIA - TÉRMINO DE MATERIA |
| Término de materia o nombre geográfico como elemento inicial |
Revolucions |
| Subdivisión geográfica |
Rússia |
| Subdivisión de materia general |
Història |
| 650 #9 - PUNTO DE ACCESO ADICIONAL DE MATERIA - TÉRMINO DE MATERIA |
| Término de materia o nombre geográfico como elemento inicial |
Història |
| Fuente del encabezamiento o término |
thub |
| 650 #9 - PUNTO DE ACCESO ADICIONAL DE MATERIA - TÉRMINO DE MATERIA |
| Término de materia o nombre geográfico como elemento inicial |
Revolució Russa, 1917 |
| Fuente del encabezamiento o término |
thub |
| 651 #4 - PUNTO DE ACCESO ADICIONAL DE MATERIA - NOMBRE GEOGRÁFICO |
| Nombre geográfico |
Unió Soviètica |
| Subdivisión de materia general |
Història |
| Subdivisión cronológica |
1917-1921, Revolució |
| 651 #4 - PUNTO DE ACCESO ADICIONAL DE MATERIA - NOMBRE GEOGRÁFICO |
| Nombre geográfico |
Rússia |
| Subdivisión de materia general |
Història |
| Subdivisión cronológica |
1917, Revolució de febrer |
| 651 #4 - PUNTO DE ACCESO ADICIONAL DE MATERIA - NOMBRE GEOGRÁFICO |
| Nombre geográfico |
Rússia |
| Subdivisión de materia general |
Història |
| Subdivisión cronológica |
1894-1917, Nicolau II |
| 651 #4 - PUNTO DE ACCESO ADICIONAL DE MATERIA - NOMBRE GEOGRÁFICO |
| Nombre geográfico |
Rússia |
| Subdivisión de materia general |
Història |
| Subdivisión cronológica |
1881-1894, Alexandre III |
| 651 #4 - PUNTO DE ACCESO ADICIONAL DE MATERIA - NOMBRE GEOGRÁFICO |
| Nombre geográfico |
Rússia |
| Subdivisión de materia general |
Història |
| Subdivisión cronológica |
1855-1881, Alexandre II |
| 942 ## - ENTRADA DE ELEMENTOS AGREGADOS (KOHA) |
| Koha [por defecto] tipo de item |
Monografies |